Taylor Swift mystery lyrics #100 - Statistics

General Stats
  • This quiz has been taken 68 times
  • The average score is 180 of 311
Answer Stats
Answer % Correct
I
100%
you
98%
a
94%
We
94%
we
94%
your
94%
on
93%
to
91%
the
89%
where
89%
me
87%
when
87%
it
85%
in
83%
be
81%
my
81%
no
81%
No
81%
go
80%
Go
80%
And
78%
and
78%
is
78%
One
78%
one
78%
of
76%
can
74%
don't
74%
they
74%
for
72%
like
70%
Like
70%
So
70%
I'll
69%
this
67%
This
67%
could
63%
was
63%
our
61%
know
59%
see
57%
us
57%
all
56%
from
56%
I'd
56%
say
56%
Say
56%
never
54%
Oh
54%
heart
52%
with
48%
Take
46%
take
46%
you'd
46%
you'll
46%
else
44%
Give
44%
give
44%
been
41%
gave
41%
run
39%
Run
39%
back
37%
shouldn't
37%
let
35%
There's
35%
there's
35%
car
33%
eyes
33%
keep
33%
they're
33%
leave
31%
tell
31%
thing
31%
we'll
31%
before
30%
Darling
30%
hold
30%
times
30%
friends
28%
let's
28%
sleeve
28%
two
28%
away
26%
drive
26%
reason
26%
three
26%
four
24%
pocket
24%
around
22%
key
22%
law
22%
town
22%
wait
20%
while
20%
child
19%
dark
19%
'em
19%
keys
19%
laugh
19%
shot
19%
trying
19%
apart
17%
bring
17%
cares
17%
chase
17%
hole
17%
hundred
17%
locket
17%
picture
17%
so-called
17%
tear
17%
chain
15%
frame
15%
note
15%
since
15%
sing
15%
blue
13%
Pale
13%
piece
13%
round
11%
throat
11%
view
11%
paper
9%
reflected
9%
skies
9%
wrote
9%
No matching quizzes found
Score Distribution
Percent of People with Each Score
Percentile by Number Answered
Your Score History
You have not taken this quiz